| 000 | 00707nam a2200241Ia 4500 | ||
|---|---|---|---|
| 003 | OSt | ||
| 005 | 20220927110059.0 | ||
| 006 | a|||||r|||| 00| 0 | ||
| 007 | ta | ||
| 008 | 220926b |||||||| |||| 00| 0 eng d | ||
| 024 | _a75443 | ||
| 037 | _cReference Collections | ||
| 040 |
_aRTL _cRTL _beng |
||
| 041 |
_2eng _aeng |
||
| 082 | _a"X6521, L6" | ||
| 111 |
_aFederal Reserve Bank of Boston Conference (16 : : ) _9375913 |
||
| 245 | 0 |
_aFunding pensions _b issues and implications for fin |
|
| 260 |
_aBoston _bFederal Reserve Bank of Boston Conference _c1976 |
||
| 300 |
_a215p. _ccm. |
||
| 650 | _aSecurities | ||
| 942 |
_h"X6521, L6" _cCC |
||
| 999 |
_c695378 _d695378 |
||